Bài giảng thống kê và phép bố trí thí nghiệm trong thủy sản
Bài giảng trình bày một số khái niệm về xác suất và thống kê, trắc nghiệm giả thiết, thí nghiệm 1 nhân tố và 2 nhân tố, phân tích hồi quy và tương quan.
保存先:
| 第一著者: | |
|---|---|
| フォーマット: | 図書 |
| 言語: | Undetermined |
| 出版事項: |
Cần Thơ
Trường Đại học Cần Thơ
2000
|
| 主題: | |
| タグ: |
タグ追加
タグなし, このレコードへの初めてのタグを付けませんか!
|
| Thư viện lưu trữ: | Trung tâm Học liệu Trường Đại học Cần Thơ |
|---|
| LEADER | 00919nam a2200193Ia 4500 | ||
|---|---|---|---|
| 001 | CTU_161590 | ||
| 008 | 210402s9999 xx 000 0 und d | ||
| 082 | |a 519.2 | ||
| 082 | |b Đ312 | ||
| 100 | |a Trần, Đắc Định | ||
| 245 | 0 | |a Bài giảng thống kê và phép bố trí thí nghiệm trong thủy sản | |
| 245 | 0 | |c Trần Đắc Định | |
| 260 | |a Cần Thơ | ||
| 260 | |b Trường Đại học Cần Thơ | ||
| 260 | |c 2000 | ||
| 520 | |a Bài giảng trình bày một số khái niệm về xác suất và thống kê, trắc nghiệm giả thiết, thí nghiệm 1 nhân tố và 2 nhân tố, phân tích hồi quy và tương quan. | ||
| 650 | |a Probabilities,Statistical methods,Toán xác suất,Phương pháp thống kê | ||
| 904 | |i Trọng Hải | ||
| 980 | |a Trung tâm Học liệu Trường Đại học Cần Thơ | ||